[Event "Parana-chT (Women) 61st"]
[Site "Londrina"]
[Date "2018.09.26"]
[Round "5.1"]
[White "Dos Anjos, Diovana Ferreira"]
[Black "Bartmeyer, Maria Veronica"]
[Result "1-0"]
[WhiteElo "1678"]
[BlackElo "1547"]
[PlyCount "95"]
[EventDate "2018.09.24"]
[EventType "team-tourn"]
[EventRounds "6"]
[EventCountry "BRA"]
[SourceTitle "CBM 187 Extra"]
[Source "ChessBase"]
[SourceDate "2018.11.04"]
[SourceVersion "1"]
[SourceVersionDate "2018.11.04"]
[SourceQuality "1"]
[WhiteTeam "Maringa (W)"]
[BlackTeam "Pirai do Sul (W)"]
[WhiteTeamCountry "BRA"]
[BlackTeamCountry "BRA"]

1. e4 c5 2. c4 d6 3. Nc3 g6 4. g3 Bg7 5. Bg2 Nf6 6. Nge2 0-0 7. 0-0 a6 8. h3 Nbd7 9. Kh2 Rb8 10. a4 b6 11. d4 cxd4 12. Nxd4 Bb7 13. Be3 Ne5 14. b3 Nc6 15. Rc1 Qd7 16. Nde2 Ba8 17. Qd2 Nb4 18. Nd5 Nbxd5 19. cxd5 b5 20. a5 Rfc8 21. b4 e6 22. Rfd1 exd5 23. exd5 Re8 24. Nd4 Ne4 25. Qa2 Rbc8 26. Rxc8 Qxc8 27. Rc1 Qd7 28. Nc6 Nf6 29. Qc2 Rc8 30. Ne7+ Qxe7 31. Qxc8+ Qf8 32. Bf4 h5 33. Bxd6 Bb7 34. Bxf8 Bxc8 35. Bxg7 Kxg7 36. Rxc8 Nd7 37. d6 Kf6 38. Ra8 Ne5 39. Rxa6 Nd3 40. d7+ Ke7 41. Bc6 Nxb4 42. Rb6 Nc2 43. Rb8 b4 44. d8Q+ Ke6 45. Qd5+ Kf6 46. Rf8 Kg7 47. Qxf7+ Kh6 48. Be4 1-0

[Event "Parana-chT (Women) 61st"]
[Site "Londrina"]
[Date "2018.09.24"]
[Round "1.2"]
[White "Bartmeyer, Maria Veronica"]
[Black "Tonette, Janaine Gusmao"]
[Result "1/2-1/2"]
[WhiteElo "1547"]
[BlackElo "1597"]
[PlyCount "124"]
[EventDate "2018.09.24"]
[EventType "team-tourn"]
[EventRounds "6"]
[EventCountry "BRA"]
[SourceTitle "CBM 187 Extra"]
[Source "ChessBase"]
[SourceDate "2018.11.04"]
[SourceVersion "1"]
[SourceVersionDate "2018.11.04"]
[SourceQuality "1"]
[WhiteTeam "Pirai do Sul (W)"]
[BlackTeam "Campo Mourao (W)"]
[WhiteTeamCountry "BRA"]
[BlackTeamCountry "BRA"]

1. d4 Nf6 2. c4 c5 3. Nc3 cxd4 4. Qxd4 Nc6 5. Qd1 g6 6. Nf3 Bg7 7. e4 0-0 8. a3 b6 9. Bd3 Bb7 10. 0-0 d6 11. Qc2 Nd7 12. Be3 Nde5 13. Nxe5 Nxe5 14. Rac1 Rc8 15. b3 Ba6 16. Qe2 e6 17. Rfd1 Qe7 18. f4 Nxd3 19. Rxd3 Rfd8 20. Qd2 Bxc3 21. Rdxc3 d5 22. exd5 exd5 23. cxd5 Qxa3 24. Rxc8 Rxc8 25. Rxc8+ Bxc8 26. Qd1 Qd6 27. Qf3 Bb7 28. Qe4 Qxd5 29. Qe8+ Kg7 30. Qe5+ Qxe5 31. fxe5 Kf8 32. Bg5 Ke8 33. Kf2 Kd7 34. g3 Kc6 35. Ke3 Kb5 36. Be7 Bd5 37. b4 a5 38. bxa5 bxa5 39. Kd4 Be6 40. Kc3 a4 41. Ba3 Kc6 42. Kd4 Bb3 43. Bd6 Kd7 44. Ba3 Ke6 45. Bf8 Kf5 46. h3 Bd1 47. Bd6 Ke6 48. Ba3 Bb3 49. Bf8 Kd7 50. Bb4 Be6 51. h4 Bg4 52. Kd5 Bf3+ 53. Kd4 Ke6 54. Ke3 Bd1 55. Kf4 Kd5 56. Kg5 Kxe5 57. Kh6 Kd4 58. Kxh7 Bb3 59. g4 Kc4 60. Be7 Kb5 61. Bf6 a3 62. h5 gxh5 1/2-1/2

[Event "Caioba Telecom op"]
[Site "Caioba"]
[Date "2018.08.02"]
[Round "4"]
[White "Bartmeyer, Maria Veronica"]
[Black "Ferraz, Dimitri Vinicius da"]
[Result "0-1"]
[WhiteElo "1581"]
[BlackElo "1341"]
[PlyCount "162"]
[EventDate "2018.08.01"]
[EventType "swiss"]
[EventRounds "9"]
[EventCountry "BRA"]
[SourceTitle "CBM 186 Extra"]
[Source "ChessBase"]
[SourceDate "2018.08.24"]
[SourceVersion "1"]
[SourceVersionDate "2018.08.24"]
[SourceQuality "1"]

1. d4 d5 2. c4 e6 3. Nf3 Nf6 4. Bg5 Be7 5. e3 0-0 6. Be2 b6 7. 0-0 Nbd7 8. Nc3 Bb7 9. Rc1 Rc8 10. a3 c5 11. dxc5 bxc5 12. Re1 h6 13. Bf4 Nb6 14. cxd5 exd5 15. Be5 Re8 16. Bb5 Rf8 17. Qe2 c4 18. Red1 a6 19. Ba4 Nxa4 20. Nxa4 Re8 21. Nc3 Ng4 22. Bf4 Bc5 23. h3 Nf6 24. Qf1 Qb6 25. Na4 Qb5 26. Nxc5 Qxc5 27. Be5 Rc6 28. Bc3 Ne4 29. Bd4 Qd6 30. Qe2 f6 31. Nh4 Bc8 32. Qh5 Rf8 33. Nf5 Bxf5 34. Qxf5 Qe6 35. Qxe6+ Rxe6 36. Kf1 Rb8 37. Rc2 Rc8 38. Ke1 Rec6 39. Bc3 Nxc3 40. Rxc3 Rc5 41. Rdc1 Rb8 42. b4 Rcb5 43. e4 Re8 44. Kd2 Rxe4 45. f3 Re5 46. Re3 Rxe3 47. Kxe3 Kf7 48. Kd4 Ke6 49. Re1+ Kf7 50. g3 a5 51. Re2 axb4 52. axb4 Rxb4 53. Kxd5 Rb3 54. Ke4 f5+ 55. Kxf5 Rxf3+ 56. Kg4 Ra3 57. Rc2 Ra4 58. Rc3 Kf6 59. Kf4 Ke6 60. Ke4 Rb4 61. Kd4 Rb3 62. Re3+ Rxe3 63. Kxe3 Kd5 64. h4 c3 65. Kd3 c2 66. Kxc2 Ke4 67. g4 Kf4 68. g5 h5 69. g6 Kg4 70. Kd3 Kxh4 71. Ke4 Kg5 72. Kf3 Kxg6 73. Kf4 Kf6 74. Kg3 Kg5 75. Kh2 Kf4 76. Kh3 g5 77. Kh2 Kf3 78. Kh3 g4+ 79. Kh2 h4 80. Kh1 g3 81. Kg1 g2 0-1

[Event "Caioba Telecom op"]
[Site "Caioba"]
[Date "2018.08.02"]
[Round "3"]
[White "Das Chagas, David Ferreira"]
[Black "Bartmeyer, Maria Veronica"]
[Result "1-0"]
[WhiteElo "1958"]
[BlackElo "1581"]
[PlyCount "53"]
[EventDate "2018.08.01"]
[EventType "swiss"]
[EventRounds "9"]
[EventCountry "BRA"]
[SourceTitle "CBM 186 Extra"]
[Source "ChessBase"]
[SourceDate "2018.08.24"]
[SourceVersion "1"]
[SourceVersionDate "2018.08.24"]
[SourceQuality "1"]

1. d4 Nf6 2. c4 e5 3. d5 Bc5 4. Nc3 d6 5. h3 Bf5 6. g4 Bg6 7. Bg2 h6 8. e4 0-0 9. Nge2 Nbd7 10. Ng3 a6 11. Qe2 Rb8 12. h4 Bd4 13. Nf5 Re8 14. a4 Nb6 15. Nd1 Qd7 16. a5 Nxc4 17. Qxc4 Nxg4 18. Nxd4 exd4 19. f3 Ne5 20. Qxd4 Bh5 21. 0-0 Qe7 22. Qf2 Ng6 23. Qg3 Kh8 24. Bd2 Nxh4 25. Bc3 Bg6 26. Kf2 Bh7 27. Qxg7# 1-0

[Event "Caioba Telecom op"]
[Site "Caioba"]
[Date "2018.08.01"]
[Round "2"]
[White "Bartmeyer, Maria Veronica"]
[Black "Lanznaster, Joao Vitor"]
[Result "1-0"]
[WhiteElo "1581"]
[BlackElo "1185"]
[PlyCount "135"]
[EventDate "2018.08.01"]
[EventType "swiss"]
[EventRounds "9"]
[EventCountry "BRA"]
[SourceTitle "CBM 186 Extra"]
[Source "ChessBase"]
[SourceDate "2018.08.24"]
[SourceVersion "1"]
[SourceVersionDate "2018.08.24"]
[SourceQuality "1"]

1. d4 d5 2. c4 e6 3. Nf3 Nf6 4. Bg5 Nc6 5. e3 Bb4+ 6. Nc3 0-0 7. Be2 h6 8. Bf4 Ne4 9. Qc2 Bd7 10. 0-0 Bxc3 11. bxc3 Na5 12. cxd5 exd5 13. c4 Be6 14. cxd5 Bxd5 15. Rfc1 c6 16. Bd3 Nf6 17. Qe2 Re8 18. Ne5 Ne4 19. Rab1 Re7 20. Rb2 a6 21. Qg4 Re6 22. Bxe4 Bxe4 23. Bxh6 Qf6 24. Qxe4 Qxh6 25. Qg4 Rc8 26. Rbc2 b6 27. Qf5 Rc7 28. d5 g6 29. Qf4 Qxf4 30. exf4 Rf6 31. Nxc6 Rxf4 32. g3 Re4 33. d6 Rxc6 34. Rxc6 Nxc6 35. Rxc6 Rd4 36. Rxb6 a5 37. Kf1 Kg7 38. Ke2 Kf6 39. Ke3 Rd5 40. f4 Ke6 41. Ra6 f5 42. h3 Rd1 43. d7+ Kxd7 44. Rxg6 Ra1 45. h4 Rxa2 46. h5 Rh2 47. h6 Ke8 48. Ra6 Kf8 49. Rxa5 Rxh6 50. Rxf5+ Kg7 51. Rc5 Rg6 52. Kf3 Kf7 53. g4 Kg7 54. Rd5 Ra6 55. Ke4 Ra1 56. Kf5 Rf1 57. Kg5 Rf2 58. Rd7+ Kf8 59. f5 Ke8 60. Ra7 Kf8 61. Kg6 Rb2 62. f6 Rb8 63. Rf7+ Kg8 64. Rg7+ Kh8 65. Rh7+ Kg8 66. f7+ Kf8 67. Rh8+ Ke7 68. Rxb8 1-0

[Event "Caioba Telecom op"]
[Site "Caioba"]
[Date "2017.09.30"]
[Round "5"]
[White "Bartmeyer, Maria Veronica"]
[Black "Queiroz, Stella Becker"]
[Result "0-1"]
[WhiteElo "1523"]
[BlackElo "1817"]
[PlyCount "46"]
[EventDate "2017.09.28"]
[EventType "swiss"]
[EventRounds "8"]
[EventCountry "BRA"]
[SourceTitle "EXT 2018"]
[Source "ChessBase"]
[SourceDate "2017.10.13"]
[SourceVersion "1"]
[SourceVersionDate "2017.10.13"]
[SourceQuality "1"]

1. d4 Nf6 2. c4 e5 3. dxe5 Ng4 4. Bf4 g5 5. Bg3 Bg7 6. Nf3 Nc6 7. Qd5 Qe7 8. Nc3 Ngxe5 9. Nxe5 Nxe5 10. e3 d6 11. Be2 0-0 12. Bxe5 Bxe5 13. Rc1 c6 14. Qd2 f5 15. 0-0 f4 16. Rcd1 Rf6 17. Ne4 Rh6 18. b3 fxe3 19. Qd3 Bxh2+ 20. Kh1 Bf5 21. f3 Qe5 22. g4 Bg1+ 23. Kxg1 Qh2# 0-1

[Event "Caioba Telecom op"]
[Site "Caioba"]
[Date "2017.09.29"]
[Round "3"]
[White "Kanzler, Karina Daniela"]
[Black "Bartmeyer, Maria Veronica"]
[Result "1-0"]
[WhiteElo "1879"]
[BlackElo "1523"]
[PlyCount "93"]
[EventDate "2017.09.28"]
[EventType "swiss"]
[EventRounds "8"]
[EventCountry "BRA"]
[SourceTitle "EXT 2018"]
[Source "ChessBase"]
[SourceDate "2017.10.13"]
[SourceVersion "1"]
[SourceVersionDate "2017.10.13"]
[SourceQuality "1"]

1. Nf3 Nf6 2. b3 e6 3. Bb2 d5 4. e3 c5 5. Bb5+ Bd7 6. Qe2 Be7 7. Bxd7+ Qxd7 8. Ne5 Qc7 9. Ng4 Nbd7 10. f4 d4 11. 0-0 e5 12. fxe5 Nxe5 13. Nxe5 Qxe5 14. Qb5+ Nd7 15. exd4 Qc7 16. dxc5 Bxc5+ 17. Kh1 0-0 18. Nc3 Rad8 19. Ne4 a6 20. Qe2 Ba7 21. Qg4 g6 22. Nf6+ Nxf6 23. Bxf6 Bb8 24. Qh4 Rxd2 25. Qh6 Qxh2+ 26. Qxh2 Bxh2 27. Kxh2 Rxc2 28. Kg3 b5 29. Rf2 Rc6 30. Rd1 h5 31. Bb2 b4 32. Rdd2 Re8 33. Rf6 Rxf6 34. Bxf6 Ra8 35. Rd8+ Rxd8 36. Bxd8 Kf8 37. Ba5 f6 38. Bxb4+ Kf7 39. Kf4 Ke6 40. Be1 g5+ 41. Ke4 f5+ 42. Kd4 f4 43. Ke4 Kf6 44. b4 h4 45. a4 g4 46. Bxh4+ Ke6 47. Kxf4 1-0

[Event "Caioba Telecom op"]
[Site "Caioba"]
[Date "2016.08.27"]
[Round "3"]
[White "Bartmeyer, Maria Veronica"]
[Black "Ribeiro Pereira, Kevillyn Lorray"]
[Result "1-0"]
[WhiteElo "1551"]
[BlackElo "1800"]
[PlyCount "73"]
[EventDate "2016.08.26"]
[EventType "swiss"]
[EventRounds "6"]
[EventCountry "BRA"]
[SourceTitle "CBM 174 Extra"]
[Source "ChessBase"]
[SourceDate "2016.10.10"]
[SourceVersion "1"]
[SourceVersionDate "2016.10.10"]
[SourceQuality "1"]

1. d4 d5 2. c4 dxc4 3. Nc3 Nf6 4. Nf3 e6 5. Bg5 Be7 6. e3 0-0 7. Bxc4 h6 8. Bf4 Bb4 9. 0-0 Bd7 10. Rc1 Nc6 11. Ne5 a6 12. a3 Ba5 13. b4 Bb6 14. d5 exd5 15. Nxd5 Ba7 16. Nxf6+ Qxf6 17. Nxd7 Qe7 18. Nxf8 Rxf8 19. Qg4 b5 20. Bxf7+ Rxf7 21. Rxc6 Kh7 22. Qg6+ Kh8 23. Rxc7 Rf6 24. Rxe7 Rxg6 25. Rxa7 Kg8 26. Rc1 h5 27. Rc8+ Kh7 28. h4 Re6 29. Rcc7 Rg6 30. Be5 Kg8 31. Rxg7+ Rxg7 32. Rxg7+ Kf8 33. g4 hxg4 34. h5 Ke8 35. h6 Kd8 36. h7 Ke8 37. h8R# 1-0

[Event "Caioba Telecom op"]
[Site "Caioba"]
[Date "2016.08.26"]
[Round "1"]
[White "Bartmeyer, Maria Veronica"]
[Black "Carvalho, Rafael Cunha de"]
[Result "0-1"]
[WhiteElo "1551"]
[BlackElo "2051"]
[PlyCount "90"]
[EventDate "2016.08.26"]
[EventType "swiss"]
[EventRounds "6"]
[EventCountry "BRA"]
[SourceTitle "CBM 174 Extra"]
[Source "ChessBase"]
[SourceDate "2016.10.10"]
[SourceVersion "1"]
[SourceVersionDate "2016.10.10"]
[SourceQuality "1"]

1. d4 Nf6 2. c4 g6 3. Nf3 Bg7 4. Nc3 d5 5. Bf4 0-0 6. e3 c5 7. Be2 dxc4 8. Bxc4 Nc6 9. 0-0 cxd4 10. Nxd4 Nxd4 11. Qxd4 Qxd4 12. exd4 a6 13. Rfd1 b5 14. Bd5 Nxd5 15. Nxd5 e6 16. Ne7+ Kh8 17. Rac1 Bb7 18. Rc7 Bd5 19. Nxd5 exd5 20. Be3 Rfe8 21. Rd7 Rad8 22. Rxd8 Rxd8 23. Rc1 Kg8 24. Rc6 f5 25. f4 Re8 26. Kf2 Re4 27. Rxa6 Bxd4 28. Bxd4 Rxd4 29. Ke3 Re4+ 30. Kd3 Rxf4 31. Rd6 Rf2 32. b4 Rxg2 33. Rxd5 Rxh2 34. Rxb5 Rxa2 35. Rb7 h5 36. b5 h4 37. b6 Rb2 38. Kc3 Rb1 39. Kc2 Rb5 40. Kc3 h3 41. Kc4 Rb1 42. Kc5 h2 43. Rb8+ Kg7 44. Kc6 h1Q+ 45. Kc7 Rc1+ 0-1

[Event "Paranaense-ch (Women) 2015"]
[Site "Curitiba"]
[Date "2016.01.25"]
[Round "6.6"]
[White "Bartmeyer, Maria Veronica"]
[Black "Silva, Rafaele Ferreira Da"]
[Result "1-0"]
[WhiteElo "1553"]
[BlackElo "1775"]
[PlyCount "75"]
[EventDate "2016.01.23"]
[EventType "swiss"]
[EventRounds "6"]
[EventCountry "BRA"]
[SourceTitle "EXT 2022"]
[Source "ChessBase"]
[SourceDate "2021.10.06"]
[SourceVersion "1"]
[SourceVersionDate "2021.10.06"]
[SourceQuality "1"]

1. d4 d5 2. Nf3 Nc6 3. Bf4 Bg4 4. e3 Nf6 5. c3 Nh5 6. Bd3 Nxf4 7. exf4 e6 8. 0-0 Bd6 9. g3 Ne7 10. Nbd2 c5 11. dxc5 Bxc5 12. Qa4+ Nc6 13. Ne5 Bh3 14. Nxc6 Qd7 15. Rfe1 a6 16. Nb3 Ba7 17. Nbd4 Bxd4 18. Qxd4 Qxc6 19. f5 0-0 20. f6 e5 21. Qxe5 d4 22. Qe4 Qxe4 23. Bxe4 dxc3 24. bxc3 Rab8 25. fxg7 Kxg7 26. Bg2 Be6 27. a3 Rbc8 28. Bxb7 Rxc3 29. Rec1 Rxc1+ 30. Rxc1 Rd8 31. Ra1 Kg6 32. Bxa6 Bc8 33. Bxc8 Rxc8 34. a4 Ra8 35. f4 Kf5 36. Kf2 h6 37. Kf3 f6 38. g4+ 1-0

[Event "Paranaense-ch (Women) 2015"]
[Site "Curitiba"]
[Date "2016.01.24"]
[Round "4.5"]
[White "Bartmeyer, Maria Veronica"]
[Black "Leszczynski, Taynara"]
[Result "0-1"]
[WhiteElo "1553"]
[BlackElo "1634"]
[PlyCount "118"]
[EventDate "2016.01.23"]
[EventType "swiss"]
[EventRounds "6"]
[EventCountry "BRA"]
[SourceTitle "EXT 2022"]
[Source "ChessBase"]
[SourceDate "2021.10.06"]
[SourceVersion "1"]
[SourceVersionDate "2021.10.06"]
[SourceQuality "1"]

1. d4 c5 2. Nf3 cxd4 3. Nxd4 d5 4. Bf4 a6 5. e3 e6 6. Nd2 Nf6 7. Bd3 Bd6 8. N2f3 Bxf4 9. exf4 Nc6 10. c3 Qc7 11. g3 Bd7 12. 0-0 0-0 13. Re1 h6 14. Qc2 Nxd4 15. Nxd4 Rfe8 16. Nf3 Rac8 17. Re2 Bc6 18. Ne5 Re7 19. Rae1 Bd7 20. f5 Qd6 21. Nxd7 Nxd7 22. fxe6 Rxe6 23. Bf5 Rxe2 24. Qxe2 Rd8 25. Qe7 Nf6 26. Kf1 g6 27. Qxd6 Rxd6 28. Bc8 b5 29. Re7 Rc6 30. Bb7 Rb6 31. Ba8 Kf8 32. Re5 Re6 33. Rxe6 fxe6 34. Bb7 a5 35. a3 Ke7 36. Ba6 b4 37. axb4 axb4 38. cxb4 Kd7 39. f3 Kc7 40. Ke2 Kb6 41. Bd3 g5 42. h3 e5 43. Kd2 e4 44. fxe4 dxe4 45. Bc4 Nh5 46. g4 Nf4 47. Bf1 Nd5 48. Bg2 e3+ 49. Ke2 Nf4+ 50. Kf3 e2 51. Kf2 Nxg2 52. Kxe2 Nf4+ 53. Kf3 Nxh3 54. Ke4 Kb5 55. Kf5 Kxb4 56. Kg6 Kb3 57. Kxh6 Kxb2 58. Kg6 Kc3 59. Kf5 Kd4 0-1

[Event "Paranaense-ch (Women) 2015"]
[Site "Curitiba"]
[Date "2016.01.23"]
[Round "2.7"]
[White "Bartmeyer, Maria Veronica"]
[Black "Lopez, Jolita"]
[Result "1-0"]
[WhiteElo "1553"]
[BlackElo "1800"]
[PlyCount "59"]
[EventDate "2016.01.23"]
[EventType "swiss"]
[EventRounds "6"]
[EventCountry "BRA"]
[SourceTitle "EXT 2022"]
[Source "ChessBase"]
[SourceDate "2021.10.06"]
[SourceVersion "1"]
[SourceVersionDate "2021.10.06"]
[SourceQuality "1"]

1. d4 e6 2. c4 Nc6 3. Nf3 Nf6 4. Bg5 Ng8 5. Bxd8 Nxd8 6. e3 Bb4+ 7. Nc3 Ba5 8. Bd3 Nf6 9. 0-0 Nc6 10. a3 d6 11. b4 Nh5 12. Ng5 Bb6 13. Qxh5 h6 14. Qxf7+ Kd8 15. Qxg7 Re8 16. Nf7+ Kd7 17. Ne5+ Kd8 18. Nxc6+ bxc6 19. c5 h5 20. Bg6 Bd7 21. cxb6 axb6 22. Bxe8 Bxe8 23. Qf6+ Kc8 24. Qxe6+ Kb7 25. Rfb1 h4 26. d5 b5 27. dxc6+ Kxc6 28. Qd5+ Kb6 29. Qxa8 Bd7 30. Nd5# 1-0

[Event "Umuarama JOJUPS Cup (Women)"]
[Site "Umuarama"]
[Date "2013.??.??"]
[Round "2"]
[White "Angelotti, Rafaela Beatriz"]
[Black "Bartmeyer, Maria Veronica"]
[Result "0-1"]
[WhiteElo "1770"]
[BlackElo "1777"]
[PlyCount "118"]
[EventDate "2013.10.19"]
[EventType "team-swiss"]
[EventRounds "6"]
[EventCountry "BRA"]
[SourceTitle "EXT 2014"]
[Source "ChessBase"]
[SourceDate "2013.11.20"]
[SourceVersion "1"]
[SourceVersionDate "2013.11.20"]
[SourceQuality "1"]
[WhiteTeam "Maringa (W)"]
[BlackTeam "Pirao do Sul (W)"]
[WhiteTeamCountry "BRA"]
[BlackTeamCountry "BRA"]

1. e4 c5 2. Nf3 d6 3. Bc4 Nf6 4. Nc3 Nc6 5. 0-0 g6 6. d3 Bg7 7. a3 0-0 8. Bg5 Bg4 9. h3 Bxf3 10. Qxf3 Ne5 11. Qe3 Nxc4 12. dxc4 Re8 13. Rad1 Qb6 14. b3 Rad8 15. Rd3 Qa5 16. a4 Kf8 17. Rfd1 Ng8 18. Nb5 f6 19. Qf3 h6 20. Bd2 Qb6 21. a5 Qc6 22. Nxa7 Qc7 23. Nb5 Qc6 24. Bc3 f5 25. exf5 Qxf3 26. Rxf3 Bxc3 27. Rxc3 Rc8 28. fxg6 Rc6 29. Rg3 Kg7 30. Rdd3 Nf6 31. Nc3 Ra6 32. Rdf3 Rf8 33. Re3 Re8 34. Re6 Rxa5 35. Nd5 Ra1+ 36. Kh2 Nxd5 37. cxd5 Ra2 38. Rf3 Rxc2 39. g4 Rd2 40. Rf7+ Kg8 41. Re4 Rxd5 42. Ref4 Rg5 43. g7 Rxg7 44. Rxg7+ Kxg7 45. Kg2 e5 46. Rc4 b5 47. Rc2 b4 48. Kf3 Kf6 49. Rd2 Ke6 50. Ke4 Rf8 51. f3 Rf4+ 52. Ke3 d5 53. Rc2 d4+ 54. Ke2 Kd5 55. h4 d3+ 56. Kxd3 Rxf3+ 57. Ke2 Rxb3 58. g5 hxg5 59. hxg5 Rg3 0-1